000 00546nam a2200181Ia 4500
003 IN-BaIIA
008 211028s9999 xx 000 0 eng d
020 _a90-277-1860-1
040 _cIIA Library
080 _a523.92
_bSTU
245 0 _aPhysics of the Sun
_bvol. I, the solar interior
_cedited by Peter A. Sturrock
260 _aHolland
_bD. Reidel Publishing
_c1986
300 _aix, 257p.
650 _aSolar interior
_98516
650 _aSun
_91200
700 _aSturrock, Peter A., ed.
_911889
942 _cBK
999 _c8822
_d8822